Statistics for Guess the Letter-shaped Flags #5

Click here to take the quiz!

General Stats

  • This quiz has been taken 34 times
  • The average score is 18 of 20

Answer Stats

Answer% Correct
Denmark
100%
Oman
100%
Sweden
100%
Yemen
100%
Colombia
97%
Laos
97%
Uganda
97%
Morocco
93%
Andorra
90%
Honduras
90%
Palau
90%
Singapore
90%
Guatemala
86%
Panama
86%
Saint Lucia
86%
Brunei
83%
Madagascar
83%
Costa Rica
72%
Bolivia
66%
Italy
52%

Score Distribution

Percentile by Number Answered

Percent of People with Each Score

Your Score History

You have not taken this quiz